01240nab a2200217 i 4500001000400000003000400004005001700008008003900025040000800064080001200072100012300084245019900207260001000406500002100416520020400437650001400641650004400655650002800699773016800727700012700895BPPBPK20160604115517.0160112s1974 pl | | |000 ||pol cBPK a796.012 aWIELGUS, Czesław.d1972 - 1981.bWyższa Szkoła Inżynierska w Koszalinie - Studium Wychowania Fizycznego i Sportu aOcena sprawności fizycznej - ogólnej studentek Wydziału Budownictwa Lądowego Wyższej Szkoły Inżynierskiej w Koszalinie w latach 1968 - 1972 /cCzesław Wielgus, Leszek Wojciechowski. c1974. aDane z autopsji. aCelem niniejszego opracowania jest próba oceny stanu sprawności fizycznej młodzieży żeńskiej rozpoczynającej studia w Wyższej Szkole Inżynierskiej na Wydziale Budownictwa Lądowego. 0aStudenci. 0aWychowanie fizyczne - szkoły wyższe. 0aSprawność fizyczna. iW :tZeszyty Naukowe Wyższej Szkoły Inżynierskiej w Koszalinie. Prace Studiów Wychowania Fizycznego i Sportu Uczelni Technicznych. -g1974, nr 2, s. 186-191 aWOJCIECHOWSKI, Leszek.d1968 - 1996.bWyższa Szkoła Inżynierska w Koszalinie - Studium Wychowania Fizycznego i Sportu